| 000 | 00717nam a2200265Ia 4500 | ||
|---|---|---|---|
| 003 | OSt | ||
| 005 | 20220926003643.0 | ||
| 006 | a|||||r|||| 00| 0 | ||
| 007 | ta | ||
| 008 | 220923b |||||||| |||| 00| 0 eng d | ||
| 020 | _a0195662520 | ||
| 037 | _cGeneral Book | ||
| 040 |
_aRTL _cRTL _beng |
||
| 041 |
_2eng _aeng |
||
| 082 | _aQ78M9, P3 | ||
| 100 |
_aFriedmann Yohanan _9141932 |
||
| 245 | 0 | _aProphecy continuous | |
| 260 |
_a New Delhi _bOxford University Press India _c2003 |
||
| 300 |
_aixi, 218p _ccm. |
||
| 500 | _aBibliography P 200-08 | ||
| 650 | _a Religion | ||
| 650 |
_aAhmadiya _9307627 |
||
| 942 |
_hQ78M9, P3 _cGB _2CC |
||
| 999 |
_c608503 _d608503 |
||